Insurance statistics yearbook 1983-1990

Salvato in:
Dettagli Bibliografici
Natura: Libro
Lingua:inglese
francese
Pubblicazione: Paris OECD 1993
Soggetti:
Tags: Aggiungi Tag
Nessun Tag, puoi essere il primo ad aggiungerne!!

MARC

LEADER 00000nam a2200000 4500
001 c004136
005 20221214083544.4
020 |a 92-64-03881-7 
041 0 |a eng 
041 0 |a fre 
044 |a FR 
245 1 0 |a Insurance statistics yearbook 1983-1990 
264 1 |a Paris  |b OECD  |c 1993 
300 |a 216 s. 
610 2 0 |a OECD 
610 2 0 |a poisťovníctvo 
610 2 0 |a poisťovne 
610 2 0 |a poistenie 
610 2 0 |a trh 
610 2 0 |a 1983-1990